000 01065nam a2200265 4500
003 MX-MxINE
005 20260530115321.0
008 260520b2015 mx a|||| |||| 00| 0 spa d
020 _a 9786070269394
040 _aICI
_bspa
_cICI
_erda
041 _aspa
050 _aTS171
_bE69
100 1 _aEquihua Zamora, Luis,
_d1951-
_eautor
_934496
245 _aEl reino de los objetos /
_c Luis Equihua Zamora
264 _aMéxico, D. F. :
_bUniversidad Nacional Autónoma de México, Facultad de Arquitectura :
_bUniversidad Nacional Autónoma de México, Centro de Investigaciones en Diseño Industrial :
_b Universidad Nacional Autónoma de México, Dirección General de Publicaciones y Fomento Editorial,
_c2015
300 _a125 páginas:
_bilustraciones
336 _2rdacontent
_atexto
337 _2rdamedia
_asin medio
338 _2rdacarrier
_avolumen
500 _aIncluye postales
650 4 _a Diseño industrial
_915218
650 4 _aEstética moderna
_ySiglo XXI
_934497
650 4 _aManufacturas
_xDiseño
_xHistoria
_934498
942 _2lcc
_n1
_cBK
999 _c13805
_d13805